Statistics for PL QUESTIONNAIRE

Click here to take the quiz!

General Stats

  • This quiz has been taken 12 times
  • The average score is 11 of 20

Answer Stats

QuestionAnswer% Correct
What team is referred to Spurs?Tottenham
100%
Which team is Zaha playing for?Crystal Palace
92%
Which player is referred to Kun and Heung in the PLAguero and Son
83%
Who is the best Defender in the PL?Van Dilk
83%
Who is the famous team in the PL?Man United
75%
What team is Danny Ings playingSouthampton
75%
Who is the best PL Passer?De Bruyne
67%
Who is the best duo in the PLKane and Son
67%
Who is the best Goalkeeper in the PL?Allison
58%
Which player Scored hat-rick against Aston VillaSergio Aguero
58%
What colour is North London Derby?White
50%
Who is the best player in the PL?De Bruyne
42%
Who is the best Manchester in the PL?Man City
42%
Who is the Strongest player in the PL?Sissoko
42%
Who is the best PL player at dribbling?Bernando Silva
33%
Which player scored a wonderful 4 goals and 4 assist against SouthamptonKane to Son
33%
Who is the best PL Shooter?Kane and Aguero
25%
Who is the best team in the PL?Man City
25%
Who is the Fastest player in PL?Walker
25%
What is the best stadium in the PL?Emirates
17%

Score Distribution

Percentile by Number Answered

Percent of People with Each Score

Your Score History

You have not taken this quiz